000
00333 a2200157 4500
001
155351
040
_c
Escola São Tomás de Aquino
100
_a
SMOLE, Kátia Stocco
240
1
0
_a
MATEMÁTICA
_l
por
245
1
0
_a
MATEMÁTICA
300
_a
352
362
0
_a
2010
440
1
_a
Saraiva
697
_a
MATEMÁTICA
942
_c
BK
999
_c
155351
_d
155351